Statistics for Most Popular AJR Songs

Click here to take the quiz!

General Stats

  • This quiz has been taken 86 times
  • The average score is 6 of 9

Answer Stats

StreamsAnswer% Correct
369,552,000Bang!
93%
653,056,000Weak
89%
275,271,000World's Smallest Violin
87%
229,578,000Sober Up
68%
212,775,000100 Bad Days
65%
346,363,000Burn The House Down
65%
122,996,000Way Less Sad
65%
132,871,000I'm Ready
62%
116,709,000The Good Part
52%

Score Distribution

Percentile by Number Answered

Percent of People with Each Score

Your Score History

You have not taken this quiz